| 000 | 00979pam a2200325 a 4500 | ||
|---|---|---|---|
| 001 | 4868483 | ||
| 003 | CBULib | ||
| 005 | 20240423123822.0 | ||
| 008 | 920421s1993 paua b 001 0 eng c | ||
| 010 | _a 92015452 | ||
| 020 | _a0721636217 | ||
| 040 |
_aDNLM/DLC _cDLC _dDLC |
||
| 050 | 1 | 0 |
_aRC815 _b.R39 1993 |
| 060 | _aWU 140 R333o | ||
| 082 | 0 | 0 |
_a617.5/22 _220 |
| 100 | 1 | _aRegezi, Joseph A. | |
| 245 | 1 | 0 |
_aOral pathology : _bclinical-pathologic correlations / _cJoseph A. Regezi, James Sciubba. |
| 250 | _a2nd ed. | ||
| 260 |
_aPhiladelphia : _bSaunders, _cc1993. |
||
| 300 |
_axv, 105, 615 p. : _bill. ; _c27 cm. |
||
| 504 | _aIncludes bibliographical references and index. | ||
| 650 | 0 |
_aMouth _xDiseases. |
|
| 650 | 0 |
_aTeeth _xDiseases. |
|
| 650 | 2 | _aMouth Diseases. | |
| 650 | 2 | _aTooth Diseases. | |
| 700 | 1 | _aSciubba, James J. | |
| 906 |
_a7 _bcbc _corignew _d1 _eocip _f19 _gy-gencatlg |
||
| 942 |
_2lcc _c002 _e2nd. ed _n0 |
||
| 999 |
_c84956 _d84956 |
||